Progreso educativo en El Salvador

Salvato in:
Dettagli Bibliografici
Natura: testo
Soggetti:
Tags: Aggiungi Tag
Nessun Tag, puoi essere il primo ad aggiungerne!!

MARC

LEADER 00000 a a2200000 04500
001 6607
003
040
245 |a Progreso educativo en El Salvador  
650 |a INDICADORES EDUCATIVOS  
650 |a EL SALVADOR  
773 |g volumen 23, número 1018; páginas 8-10  
999 |c 34262  |d 34262